|
|
|
|
| LEADER |
00000nam0a2200000 4500 |
| 001 |
73357 |
| 005 |
20231101212713.0 |
| 010 |
|
|
|a 576951678X
|
| 035 |
|
|
|a (RuTPU)RU\TPU\book\78282
|
| 090 |
|
|
|a 73357
|
| 100 |
|
|
|a 20050215d2004 m y0rusy50 ca
|
| 101 |
0 |
|
|a rus
|
| 102 |
|
|
|a RU
|
| 105 |
|
|
|a a j 001zy
|
| 200 |
1 |
|
|a Машиностроительное производство
|e учебник
|f В. Ю. Шишмарев, Т. И. Каспина
|
| 210 |
|
|
|a Москва
|c Академия
|d 2004
|
| 215 |
|
|
|a 350 с.
|c ил.
|
| 225 |
1 |
|
|a Среднее профессиональное образование
|
| 320 |
|
|
|a Библиогр.: с. 344-345.
|
| 606 |
|
|
|a Машиностроительное производство
|2 stltpush
|3 (RuTPU)RU\TPU\subj\73390
|9 86422
|
| 610 |
1 |
|
|a машиностроение
|
| 610 |
1 |
|
|a машиностроительная промышленность
|
| 610 |
1 |
|
|a техническая подготовка
|
| 610 |
1 |
|
|a основное производство
|
| 610 |
1 |
|
|a литейные цеха
|
| 610 |
1 |
|
|a заготовительное производство
|
| 610 |
1 |
|
|a штамповочные работы
|
| 610 |
1 |
|
|a механические цеха
|
| 610 |
1 |
|
|a сборочные цеха
|
| 610 |
1 |
|
|a технический контроль
|
| 610 |
1 |
|
|a вспомогательные производства
|
| 610 |
1 |
|
|a техническое обслуживание
|
| 610 |
1 |
|
|a ремонт
|
| 610 |
1 |
|
|a складское хозяйство
|
| 610 |
1 |
|
|a транспортное хозяйство
|
| 610 |
1 |
|
|a энергетическое хозяйство
|
| 610 |
1 |
|
|a нормирование
|
| 610 |
1 |
|
|a автоматизация
|
| 610 |
1 |
|
|a гибкие производственные системы
|
| 610 |
1 |
|
|a промышленная робототехника
|
| 610 |
1 |
|
|a роботизация
|
| 610 |
1 |
|
|a робототехнологические комплексы
|
| 610 |
1 |
|
|a учебники
|
| 675 |
|
|
|a 621.002(075.32)
|v 3
|
| 700 |
|
1 |
|a Шишмарев
|b В. Ю.
|g Владимир Юрьевич
|
| 701 |
|
1 |
|a Каспина
|b Т. И.
|g Татьяна Ивановна
|
| 801 |
|
1 |
|a RU
|b 63413507
|c 20050215
|g PSBO
|
| 801 |
|
2 |
|a RU
|b 63413507
|c 20180524
|g PSBO
|
| 900 |
|
|
|a Технология машиностроения
|
| 900 |
|
|
|a Технология машиностроительного производства
|
| 942 |
|
|
|c BK
|
| 952 |
|
|
|a 552900
|b 120100
|
| 959 |
|
|
|a 57/20050630
|d 2
|e 0
|f НФ:2
|